| 000 | 00441nam a2200205Ia 4500 | ||
|---|---|---|---|
| 001 | 12464 | ||
| 003 | GE_BSU | ||
| 008 | 181216s||||||||xx |||||||||||||| ||und|| | ||
| 020 | _a9780340977088 | ||
| 040 | _cGE_BSU | ||
| 080 | _a821.111-32 | ||
| 100 | _aCarre,John le. | ||
| 245 | 2 | _aA Most Wanted Man. | |
| 260 | _aLondon. | ||
| 260 | _bHodder. | ||
| 260 | _c2009 | ||
| 300 | _a418p;20cm. | ||
| 653 | _aA Most Wanted Man. | ||
| 942 | _cBK | ||
| 999 |
_c45638 _d45638 |
||